|
|
|
|
| LEADER |
01550nam a2200373 a 4500 |
| 001 |
17685 |
| 003 |
BD-DhAAL |
| 005 |
20140702113127.0 |
| 008 |
140702s1990 cau b s001 0 eng |
| 010 |
|
|
|a 90035697
|
| 020 |
|
|
|a 0520070429
|
| 040 |
|
|
|a DLC
|c DLC
|d DLC
|d BD-DhAAL
|
| 041 |
|
|
|a eng
|
| 043 |
|
|
|a n-us---
|
| 050 |
0 |
0 |
|a PS374.H63
|b S42 1990
|
| 082 |
0 |
0 |
|a 813/.309353
|2 20
|
| 100 |
1 |
|
|a Sedgwick, Eve Kosofsky.
|9 5243
|
| 245 |
1 |
0 |
|a Epistemology of the closet /
|c Eve Kosofsky Sedgwick.
|
| 260 |
|
|
|a Berkeley :
|b University of California Press,
|c c1990.
|
| 300 |
|
|
|a xi, 258 p. ;
|c 24 cm.
|
| 504 |
|
|
|a Includes bibliographical references and index.
|
| 541 |
|
|
|e 17685
|
| 600 |
1 |
0 |
|a Melville, Herman,
|d 1819-1891.
|t Billy Budd.
|9 5244
|
| 600 |
1 |
0 |
|a James, Henry,
|d 1843-1916
|x Criticism and interpretation.
|9 5245
|
| 600 |
1 |
0 |
|a Wilde, Oscar,
|d 1854-1900
|x Criticism and interpretation.
|9 5246
|
| 600 |
1 |
0 |
|a Proust, Marcel,
|d 1871-1922.
|t A la recherche du temps perdu.
|9 5247
|
| 600 |
1 |
0 |
|a Nietzsche, Friedrich Wilhelm,
|d 1844-1900.
|9 3424
|
| 650 |
|
0 |
|a American fiction
|x Male authors
|x History and criticism.
|9 5248
|
| 650 |
|
0 |
|a Homosexuality and literature.
|9 5249
|
| 650 |
|
0 |
|a Gay men's writings
|x History and criticism
|x Theory, etc.
|9 5250
|
| 650 |
|
0 |
|a Gay men in literature.
|9 5251
|
| 942 |
|
|
|2 ddc
|c BK
|
| 999 |
|
|
|c 32825
|d 32825
|
| 952 |
|
|
|0 0
|1 0
|2 ddc
|4 0
|6 813_309353000000000_SED
|7 0
|9 42876
|a BRACUL
|b BRACUL
|c GEN
|d 2014-07-02
|l 0
|o 813.309353 SED
|p 3010017685
|r 2014-07-02
|t 1
|w 2014-07-02
|y BK
|x Transferred from ENH to Ayesha Abed library on 20/12/2023
|